BIBLIOTHÈQUE DE LA MAISON DU MEXIQUE

Logo 1 Logo 2

Hacia una bibliografía en castellano del cine (notice nᵒ 4379)

détails MARC
000 -Sello discográfico
campo de control de longitud fija 00910nam a2200301 4500
005 - Identificación de versión
campo de control 20251016083804.0
010 ## - Número Estándar Internacional de Libros (ISBN)
Número (ISBN) 968-29-2174-0
035 ## - Otros números de control del sistema
Número de control del sistema 18748
099 ## - fechas locales
Tipo de ítem Koha LIBRO
100 ## - Datos de procesamiento general
Datos de procesamiento general 19990701d1988 m y1spay5003 ba
105 ## - Campo de datos codificados: Material textual, monográfico
Datos codificados de monografía y 001zy
200 1# - Título y mención de responsabilidad
Título propio Hacia una bibliografía en castellano del cine
Designación general del material texto impreso
Primer mención de responsabilidad Helena Almoina Fidalgo
205 ## - Declaración de edición
Declaración de edición 1a ed
210 ## - Publicación, distribución, etc.
Lugar de publicación, distribución, etc. México
Nombre del editor, distribuidor, etc. Universidad Nacional Autónoma de México : Secretaría de Educación Pública
Fecha de publicación, distribución, etc. 1988
215 ## - Descripción física
Designación de material específico y extensión del ítem 207 p
Dimensiones 21 cm
345 ## - Nota de información de adquisición
Fuente de adquisición/dirección de la suscripción [OBSOLETO] Donación
410 #1 - Series
Título Colección Séptimo Arte
Número de volumen 2
606 ## - Término temático usado como materia
Elemento de entrada Cinematografía
Subdivisión temática Bibliografía
Número Koha 8382
660 ## - Código de área geográfica
Código MX
700 ## - Nombre personal - Responsabilidad primaria
Elemento de entrada Almoina Fidalgo
Parte del nombre distinta del elemento de entrada Helena
Número Koha 3924
801 #0 - Fuente de origen
Agencia cm
900 ## -
-- 1/19101
900 ## -
-- 7109911012\010799
942 ## - ELEMENTOS DE ENTRADA SECUNDARIOS (KOHA)
Tipo de ítem Koha Livre
996 ## -
-- MEX
-- 751145101
-- MMAG
-- 004191
-- 016.79 A451H
-- 20201109LIV
Exemplaires
Estatus retirado Estado de daño Estado de pérdida Fecha de adquisición Biblioteca de origen Biblioteca actual Ubicación en estantería Código de barras Precio de reemplazo Signatura topográfica completa No para préstamo Tipo de ítem Koha Nota pública Nota no pública
      05/08/2025 Casa México Paris Casa México Paris   004191 05/08/2025 016.79 A451H   Livre 20201109LIV 751145101